Memorias.

Saved in:
Bibliographic Details
Main Author: Luis XIV, 1638-1715 (Rey de Francia)
Other Authors: Garzón del Camino, Aurelio (traductor)
Format: Book
Language:English
Published: México, D.F., México: Fondo de Cultura Económica, 1989.
Edition:Primera edición en español.
Series:Sección de Obras de Historia.
Subjects:
Tags: Add Tag
No Tags, Be the first to tag this record!

MARC

LEADER 00000nam a22000007a 4500
003 CL-VaPUC
005 20220822114610.0
008 220712t1988 ||||| |||| 00| 0 eng d
999 |c 436933  |d 436931 
020 |a 968-16-2425-4 
040 |c Pontificia Universidad Católica de Valparaíso 
082 |2 22  |a 944.033 LUI 1989 
100 |a Luis XIV,  |9 349629  |d 1638-1715  |e Rey de Francia 
245 |a Memorias. 
250 |a Primera edición en español.  
260 |a México, D.F., México:   |b Fondo de Cultura Económica,   |c 1989. 
300 |a 218 páginas.  
490 |a Sección de Obras de Historia.  
500 |a c.1 Donación Familia Prof. Alejandro Guzmán Brito. 
583 |c 20220712  |k Yessy Sthefany Diaz Vidal 
600 0 |a Luis XIV  |9 349629  |d 1638-1715  |x Biografías   |z Francia  
651 0 |a Francia  |9 255157  |x Historia  
651 0 |a Francia  |x Siglos 17 y 18   |9 872699 
700 |a Garzón del Camino, Aurelio  |9 863497  |e traductor 
942 |2 ddc  |c BK  |n 0 
952 |0 0  |1 0  |2 ddc  |4 0  |6 944_033000000000000_LUI_1989  |7 0  |8 C_AGB  |9 584664  |a BIBDER  |b BIBDER  |d 2022-07-12  |e Donación   |i 5652668  |o 944.033 LUI 1989  |p 5652668  |r 2023-01-25  |t 1  |w 2022-07-12  |y BK_US  |k AGB